000 00478nam a2200217Ia 4500
001 12144
003 GE_BSU
008 181216s||||||||xx |||||||||||||| ||und||
020 _a139780203850596
040 _cGE_BSU
080 _a368
100 _aThoyts,Bob.
245 _aInsurance Theory and Practice.
260 _aLondon.
260 _c2010
300 _a323p.25cm.
300 _bill.
541 _h141ლ.
653 _aInsurance Theory and Practice.
942 _cBK
999 _c45320
_d45320